Countries involved in WWII - Statistics

General Stats
  • This quiz has been taken 567 times
  • The average score is 56 of 76
Answer Stats
Role Countries % Correct
Axis Power Germany
98%
Axis Power Italy
98%
Axis Power Japan
97%
Allied Power United Kingdom
96%
Country that was attacked, occupied, or switched sides during the war. France
95%
Allied Power United States
95%
Allied Power Canada
93%
At war with Axis Powers Previously China
92%
Country that was attacked, occupied, or switched sides during the war. Norway
91%
Country that was attacked, occupied, or switched sides during the war. Poland
91%
Allied Power Australia
90%
Country that was attacked, occupied, or switched sides during the war. Finland
90%
Allied Power Soviet Union
90%
Annexed by Axis Powers Austria
89%
Signed Tripartite Treaty Romania
89%
Country that was attacked, occupied, or switched sides during the war. Belgium
88%
Allied Power Brazil
88%
Signed Tripartite Treaty Hungary
88%
Country that was attacked, occupied, or switched sides during the war. Greece
87%
Country that was attacked, occupied, or switched sides during the war. India
87%
Allied Power New Zealand
86%
Neutral Country Spain
86%
Neutral Country Sweden
86%
Country that was attacked, occupied, or switched sides during the war. Denmark
85%
Country that was attacked, occupied, or switched sides during the war. Netherlands
85%
Signed Tripartite Treaty Bulgaria
84%
Neutral Country Portugal
84%
Supporter of Allied Powers Mexico
83%
Country that was attacked, occupied, or switched sides during the war. Yugoslavia
83%
Supporter of Allied Powers Argentina
81%
Allied Power South Africa
81%
Supporter of Allied Powers Turkey
81%
Supporter of Allied Powers Egypt
79%
Neutral Country Switzerland
78%
Country that was attacked, occupied, or switched sides during the war. Iran
77%
Supporter of Allied Powers Iraq
76%
Country that was attacked, occupied, or switched sides during the war. Luxembourg
76%
Country that was attacked, occupied, or switched sides during the war. Albania
73%
Supporter of Allied Powers Chile
73%
Country that was attacked, occupied, or switched sides during the war. Czechoslovakia
73%
Country that was attacked, occupied, or switched sides during the war. Estonia
73%
Country that was attacked, occupied, or switched sides during the war. Thailand
73%
Country that was attacked, occupied, or switched sides during the war. Latvia
71%
Country that was attacked, occupied, or switched sides during the war. Lithuania
71%
Supporter of Allied Powers Peru
71%
Neutral Country Ireland
70%
Supporter of Allied Powers Venezuela
70%
Supporter of Allied Powers Cuba
69%
Supporter of Allied Powers Colombia
68%
Supporter of Allied Powers Bolivia
65%
Supporter of Allied Powers Panama
65%
Supporter of Allied Powers Paraguay
65%
Supporter of Allied Powers Saudi Arabia
64%
Supporter of Allied Powers Uruguay
64%
Annexed by Axis Powers Ethiopia
63%
Supporter of Allied Powers Honduras
62%
Supporter of Allied Powers Costa Rica
61%
Supporter of Allied Powers Ecuador
61%
Supporter of Allied Powers Mongolia
61%
Supporter of Allied Powers El Salvador
60%
Supporter of Allied Powers Guatemala
60%
Country that was attacked, occupied, or switched sides during the war. Iceland
60%
Supporter of Allied Powers Nicaragua
60%
Country that was attacked, occupied, or switched sides during the war. Algeria
57%
Supporter of Allied Powers Haiti
57%
Country that was attacked, occupied, or switched sides during the war. Morocco
57%
Country that was attacked, occupied, or switched sides during the war. Burma/Myanmar
52%
Country that was attacked, occupied, or switched sides during the war. Philippines
51%
Country that was attacked, occupied, or switched sides during the war. Syria
51%
Supporter of Allied Powers Dominican Republic
50%
Country that was attacked, occupied, or switched sides during the war. Tunisia
50%
Signed Tripartite Treaty Slovakia
43%
Supporter of Allied Powers Lebanon
40%
Country that was attacked, occupied, or switched sides during the war. Singapore
40%
Supporter of Allied Powers Liberia
36%
Country that was attacked, occupied, or switched sides during the war. New Guinea
30%
No matching quizzes found
Score Distribution
Percent of People with Each Score
Percentile by Number Answered
Your Score History
You have not taken this quiz